| 000 | 00431pab a2200157 454500 | ||
|---|---|---|---|
| 008 | 180718b1997 xxu||||| |||| 00| 0 eng d | ||
| 100 | _aAydin, Ahmet Hamdi | ||
| 245 | _aA comparative study of military involvement in policing in England and Wales and Turkey | ||
| 260 | _c1997 | ||
| 300 | _ap.203-19 | ||
| 362 | _aJul-Sep | ||
| 650 | _aPolice - Great Britain | ||
| 650 | _aPolice | ||
| 773 | _aPolice Journal | ||
| 909 | _a34763 | ||
| 999 |
_c34763 _d34763 |
||